000
00317nam a22001217a 4500
008
180518b xxu||||| |||| 00| 0 eng d
041
_a
eng
080
_a
043.3
100
_a
0
101
_a
SHP-BTH
245
_a
Organizatat Ndërkombatëre dhe roli i tyre në shtet ndërtimin e Kosovës
_c
Gashi,D
942
_2
udc
_c
BK
999
_c
46015
_d
46015